1744 1825 1380 1815 1712 1342 1802 1292 1653 1698 1675 1174 1439 1446 1573 1760 1705 1015 1431 1555 1452 1673 1315 1476 1381 1976 1525 1846 1874 1079 1759 1763 1424 1549 1609 2000 1000 1314 1637 1284 1965 1073 1409 1454 1209 1730 1373 1432 1271 1654 1084 1942 1325 1401 1045 1980 1946 1499 1973 1638 1486 1150 1861 1658 1563 1011 1966 1733 1208 1253 1820 1262 1286 1120 1714 1441 1126 1060 1174 1117 1030 1385 1082 1287 1251 1543 1774 1836 1567 1319 1714 1482 1352 1826 1261 1263 1073 1288 1765 BCNSPRNW ULIB Ver.6.0+V

เปลี่ยนเป็นภาษาไทย

Change to English
 แสดงรายละเอียดบรรณานุกรม
  กลับหน้าหลัก

Brief Record : Get Marc (ISO 2709) : E-mail record : QR code < ปิดหน้าต่าง
LEADER : 00000nam 2200000uu 4500
001    13399123523
003     ULIB
008    141003s2556||||th 000 0 tha d
020    ^a9786165516921
060  0 ^aWS200^bจ451น
100    ^aจิตลัดดา ดีโรจนวงศ์
245    ^aแนวทางการดูแลรักษาปัญหาทางระบบหายใจที่พบบ่อยในเด็ก/^cจิตลัดดา ดีโรจนวงศ์
246 0  Practical Approach to common respiratory problems in children
260    ^aบียอนด์ เอ็นเทอร์ไพรซ์ :^bกรุงเทพมหานคร,^c2556
300    ^a348 หน้า
500    ^aCough Chronic Cough Chest Pain Hemoptysis Noisy Breathing Acute Wheezing Recurrent Wheezing Apparent Life Threatening Events Recuurrent Persistent Pneumonia Common Respiratory Diseases
650    ^aปัญหาทางระบบหายใจ
945    ^p0^l0^i036069
945    ^p0^l0^i036070
945    ^p0^l0^i036071
945    ^p0^l0^i036072
945    ^p0^l0^i036073
945    ^p0^l0^i036074
945    ^p0^l0^i036075
999    ^aเกษร โพธิ์สุวรรณ
รายการนี้ยังไม่มีแท็ก
คุณยังไม่ได้ล็อกอิน คุณสามารถมีกิจกรรมร่วมกับเว็บไซต์ได้ แต่ต้องล็อกอินก่อน ::
  ล็อกอิน

รายการสื่อสารสนเทศ

ลำดับที่ ประเภท เลขเรียก/บาร์โค้ด สถานที่ สถานะ
1. วิทยาศาสตร์การแพทย์ และสุขภาพ
หนังสือสำรอง
สถานะ=หนังสือสำรอง
WS200 จ451น ฉ.1 
  Barcode: 036069
ห้องสมุดวิทยาเขตสวรรค์ประชารักษ์
►ส่วนจัดเก็บหนังสือเก่า สปร
บนชั้น
  ขอยืม
2. วิทยาศาสตร์การแพทย์ และสุขภาพ
วิทยาศาสตร์การแพทย์ และสุขภาพ
WS200 จ451น ฉ.2 
  Barcode: 036070
ห้องสมุดวิทยาเขตสวรรค์ประชารักษ์
►ส่วนจัดเก็บหนังสือเก่า สปร
บนชั้น
  ขอยืม
3. วิทยาศาสตร์การแพทย์ และสุขภาพ
วิทยาศาสตร์การแพทย์ และสุขภาพ
WS200 จ451น ฉ.3 
  Barcode: 036071
ห้องสมุดวิทยาเขตสวรรค์ประชารักษ์
►ส่วนจัดเก็บหนังสือเก่า สปร
บนชั้น
  ขอยืม
4. วิทยาศาสตร์การแพทย์ และสุขภาพ
วิทยาศาสตร์การแพทย์ และสุขภาพ
WS200 จ451น ฉ.4 
  Barcode: 036072
ห้องสมุดวิทยาเขตสวรรค์ประชารักษ์
►ส่วนจัดเก็บหนังสือเก่า สปร
บนชั้น
  ขอยืม
5. วิทยาศาสตร์การแพทย์ และสุขภาพ
วิทยาศาสตร์การแพทย์ และสุขภาพ
WS200 จ451น ฉ.5 
  Barcode: 036073
ห้องสมุดวิทยาเขตสวรรค์ประชารักษ์
►ส่วนจัดเก็บหนังสือเก่า สปร
บนชั้น
  ขอยืม
6. วิทยาศาสตร์การแพทย์ และสุขภาพ
วิทยาศาสตร์การแพทย์ และสุขภาพ
WS200 จ451น ฉ.6 
  Barcode: 036074
ห้องสมุดวิทยาเขตสวรรค์ประชารักษ์
►ส่วนจัดเก็บหนังสือเก่า สปร
บนชั้น
  ขอยืม
7. วิทยาศาสตร์การแพทย์ และสุขภาพ
วิทยาศาสตร์การแพทย์ และสุขภาพ
WS200 จ451น ฉ.7 
  Barcode: 036075
ห้องสมุดวิทยาเขตสวรรค์ประชารักษ์
►ส่วนจัดเก็บหนังสือเก่า สปร
บนชั้น
  ขอยืม

รายการใกล้เคียง
    ผู้แต่ง [จิตลัดดา ดีโรจนวงศ์]

    หัวเรื่อง [ปัญหาทางระบบหายใจ]

BibComment


ยังไม่เคยถูกคอมเมนท์

คอมเมนท์ทรัพยากรรายการนี้
  คอมเมนท์: แนวทางการดูแลรัก..


 Copyright 2026. Bcnsprnw @Library